Départements français connectés #3 - Statistiques

Statistiques générales
  • Ce quiz a été pris 545 fois
  • Le résultat moyen est 9 sur 10
Réponses sur la Carte
Les réponses sont colorées sur une échelle allant du rouge au vert en fonction du pourcentage des utilisateurs qui les ont devinées à leur premier essai. Vous pouvez retrouver ces pourcentages ci-dessous.
 
Statistiques - réponses
Département % Correct
45 Loiret
92%
60 Oise
91%
62 Pas-de-Calais
91%
77 Seine-et-Marne
90%
80 Somme
90%
41 Loir-et-Cher
88%
95 Val-d'Oise
88%
37 Indre-et-Loire
86%
44 Loire-Atlantique
81%
49 Maine-et-Loire
81%
Aucun quiz correspondant
Distribution des résultats
% des personnes avec chaque résultat
Percentile par nombre de réponses
Votre historique - résultats
Vous n’avez pas pris ce quiz